000 00543nam a22001817a 4500
003 CEME
005 20210628203502.0
008 210122b xxu||||| |||| 00| 0 eng d
020 _a0-471-67965-8
040 _c.
082 _a956.7044 OBE
100 _aObeidi Mahdi, Obedi, Mahdi, Pitzer Kurt
_965741
245 _aThe bomb in my garden, the secrets of saddam's nuclear mastermind
260 _aUSA
_bJOHN WILEY & SONS
_c2004
300 _aXIII,242P
650 _aNUCLEAR WEAPONS- IRAQ.NUCLEAR NONPROLIFERATION
_965742
942 _cBK
_2ddc
999 _c573866
_d573866